000 01394nam0a22003371 4500
001 RU\NLR\INFOCOMM_89\5000600520
005 20250613100703.0
035 _a(NLR Aleph) 009355197
090 _a7827266
_c7827266
100 _a20101124d1964 |||y0rusy50 ca
101 0 _aeng
102 _aRU
105 _aa ||||000|y
200 1 _aAtmospheric scale height in the 200-400 km range according to radiation belt data
_e[Report at the] COSPAR Symposium, Florence, Italy, May, 1964
_f[By] Yu. I. Galperin, V. V. Temny
_gAcad. of science of the USSR
210 _a[М.]
_cВИНИТИ
_d1964
215 _a20 с.
_cил.
_d21 см
300 _aВ вып. дан.: Ю. Г. Гальперин, В. В. Тёмный. Высота однородной атмосферы между 200-400 км. По данным о радиационных поясах
309 _aОтпеч. множит. аппаратом
320 _aБиблиогр.: с. 14-15
686 _aГф3-665
_2rubbk
686 _aГф-64(переизд.)
_2rubbk
700 1 _9z01790
_aGal'perin
_bJ. I.
_gJurij Il'ič
_4070
701 1 _9z02790
_aTemnyj
_bV. V.
_4070
712 1 2 _aCOSPAR symposium
_eFlorence
_f1964
_4570
790 1 _9z01700
_aGalperin
_bYu. I.
_4070
790 1 _9z02701
_aTemny
_bV. V.
_4070
801 1 _aRU
_bNLR
_c20101124
801 0 _aRU
_bNLR
_gPSBO
852 _aNLR
_jГн11 Г-4/54
942 _cBOOK
980 _aNB